| 000 | 00598nam a22001937a 4500 | ||
|---|---|---|---|
| 005 | 20251108170805.0 | ||
| 008 | 250721s9999 xx 000 0 ara d | ||
| 082 | 1 | 4 | _aط/ق / مغر |
| 100 | 1 | _aمغربي، امل | |
| 245 | 1 | 0 | _aحاتم و صفاء في الجبل / |
| 264 |
_bدار ايزيس، _c[199-]. |
||
| 300 | _a14ص. : مص | ||
| 490 | 0 | _aقصص أطفال الروضة | |
| 650 | 1 | 7 | _aالقصص العربية |
| 653 | _a(سنوات 9-6) أطفال ما قبل المدرسة | ||
| 700 | 1 |
_aنجيب، أسامة أحمد _eرسام |
|
| 942 |
_2ddc _cBK |
||
| 999 |
_c49064 _d49064 |
||